000 00994nam a2200277 i 4500
001 768714001
003 CO-MdFUSB
005 20240724121154.0
007 ta
008 220819t1987 gt ab||| |||| 00| 0 spa d
040 _aCO-MdFUSB
_bspa
_cCO-MdFUSB
_dCO-MdFUSBC
_erda
041 _aspa
082 _223
_a266
_bR438
110 _aComibam Internacional.
245 _aReto iberoamericano :
_bComibam'87
_c/ COMIBAM
264 0 _aGuatemala :
_bComibam Internacional,
_c[1987]
300 _a105 páginas
_c; 28 cm
336 _2rdacontent
_atexto
_btxt
337 _2rdamedia
_asin mediación
_bn
338 _2rdacarrier
_avolumen
_bnc
505 _aNuevo catolicismo. -- Catolicismo romano. -- Teología de la liberación. -- Grupos étnicos. -- Perfiles de Naciones. -- Declaración de Quito. -- Indígenas de Brasil. -- Grandes ciudades. -- Estudiantes de la Universidad. -- Países iberos.
563 _aRústico
650 0 _9362
_aEvangelización
942 _cBK
945 _aJTF-925
999 _c68083
_d68083